000 00381nam a22001457a 4500
003 MACL
005 20190421151611.0
008 190421b xxu||||| |||| 00| 0 eng d
040 _c MACL
100 _aSingh Pragya
_974345
245 _aDevelopment of Educationfrom Ancient to Modern Period
260 _aDelhi
_bInsha Pub
_c2017
650 _aEducation
_974346
942 _2ddc
_cBK
999 _c59399
_d59399